000 00440nam a2200181Ia 4500
001 800
005 20260306140544.0
008 260306t1984||||xx |||||||||||||| ||spa||
041 _aESP
082 _a170
_bD58
100 _aSosa, Nicolás (dir)
_eAUT
245 0 _aEtica :
_besquemas de trabajo para 3º de filosofía
260 _c1984
300 _a85 páginas :
_c20 cm.
650 _aGEN
654 _aCHU
942 _cLIB
_dJUS
_fJUS
_2ddc
_n
999 _c800
_d800